[Event "8th ch-Euro"]
[Site "Dresden GER"]
[Date "2007.04.07"]
[Round "5"]
[White "Geller,J"]
[Black "Jorczik,J"]
[Result "1-0"]
[WhiteElo "2490"]
[BlackElo "2294"]
[EventDate "2007.04.03"]

1. e4 c6 2. d4 d5 3. e5 c5 4. dxc5 Nc6 5. f4 e6 6. Nf3 Bxc5 7. a3 a6 8. Bd3
Nge7 9. Nbd2 Ba7 10. c3 Qb6 11. Qe2 Nf5 12. Bxf5 exf5 13. Nf1 d4 14. Nxd4
Nxd4 15. cxd4 Be6 16. Be3 O-O 17. Kf2 Qb3 18. Ng3 Rfd8 19. Qd2 Rd7 20. Rac1
Rad8 21. Ne2 Bd5 22. Rhd1 g6 23. Qc3 Qb5 24. Rd2 Bc6 25. Qc4 Qa5 26. b4 Qb6
27. Qc5 Bd5 28. Nc3 Rc7 29. Nxd5 Rxc5 30. dxc5 Qe6 31. Nf6+ Kg7 32. Rxd8
Qa2+ 33. Kf3 Qxa3 34. Rg8+ Kh6 35. Rh8 Kg7 36. Rxh7+ Kf8 37. Rd1 1-0

[Event "8th ch-Euro"]
[Site "Dresden GER"]
[Date "2007.04.07"]
[Round "5"]
[White "Zesch,L"]
[Black "Gordon,S"]
[Result "1/2-1/2"]
[WhiteElo "2287"]
[BlackElo "2486"]
[EventDate "2007.04.03"]

1. e4 c5 2. Nf3 d6 3. c3 Nf6 4. Be2 Bd7 5. Qc2 Bc6 6. d3 Nbd7 7. Nbd2 Rc8
8. d4 cxd4 9. Nxd4 e5 10. Nxc6 bxc6 11. O-O d5 12. exd5 cxd5 13. Qa4 Bc5
14. Nb3 Bb6 15. Qa3 Ne4 16. Be3 Bxe3 17. fxe3 Qb6 18. Kh1 Rc6 19. Bf3 Ndf6
20. Rae1 Nd6 21. Na5 Rc5 22. Nb3 Rc6 23. Na5 Rc7 24. Qa4+ Ke7 25. Qa3 Qc5
26. Qxc5 Rxc5 27. Nb3 Rb5 28. Be2 Rb6 29. Rc1 Rc8 30. Rc2 g6 31. Re1 h5 32.
Nd2 Ng4 33. Bxg4 hxg4 34. Kg1 a5 35. Rec1 Ke6 36. b3 Nf5 37. e4 Ne3 38.
exd5+ Kxd5 39. Rb2 f5 40. Nf1 Nxf1 41. Kxf1 e4 42. g3 Ke5 43. Rd2 Rc5 44.
c4 a4 45. Rc3 g5 46. Rd8 f4 47. Rc1 axb3 48. Re8+ Kf5 49. Rf8+ Ke5 50. Re8+
Kf5 51. Rf8+ Kg6 52. axb3 Rxb3 53. gxf4 Rf3+ 54. Ke2 Ra5 55. Rg8+ Kf7 56.
Rxg5 Ra2+ 57. Ke1 Raf2 58. Rxg4 Rf1+ 59. Kd2 Rd3+ 60. Kc2 Rf2+ 61. Kb1 Rb3+
62. Ka1 Ra3+ 63. Kb1 Rb3+ 64. Ka1 e3 65. Rg3 Ra3+ 66. Kb1 Rb3+ 67. Ka1 Rbb2
68. Re1 Ra2+ 69. Kb1 Rab2+ 70. Ka1 Ra2+ 71. Kb1 Rab2+ 72. Kc1 Rbc2+ 73. Kb1
Rb2+ 1/2-1/2

[Event "8th ch-Euro"]
[Site "Dresden GER"]
[Date "2007.04.07"]
[Round "5"]
[White "Klokas,K"]
[Black "Williams,Si1"]
[Result "0-1"]
[WhiteElo "2231"]
[BlackElo "2483"]
[EventDate "2007.04.03"]

1. d4 e6 2. e4 b6 3. Bd3 Bb7 4. Nf3 d6 5. O-O Nd7 6. Re1 Ne7 7. Bg5 h6 8.
Bh4 g5 9. Bg3 Bg7 10. c3 Ng6 11. e5 d5 12. Qc1 g4 13. Nfd2 Ndf8 14. f3 h5
15. fxg4 hxg4 16. Nf1 Bh6 17. Qd1 Nf4 18. Bxf4 Bxf4 19. g3 Bh6 20. Qxg4 Qe7
21. a4 O-O-O 22. a5 Nd7 23. axb6 axb6 24. Qe2 Nb8 25. b4 Rde8 26. Nbd2 f5
27. exf6 Qxf6 28. Ne3 e5 29. Ng4 Qg5 30. Nxh6 Qxh6 31. Nf1 e4 32. Qg4+ Kd8
33. Bb5 Ref8 34. Ra2 c6 35. Ba4 Bc8 36. Qd1 Bh3 37. Qc1 Qf6 38. Ne3 Rh7 39.
Rd2 Rhf7 40. b5 Qg5 41. Rde2 c5 42. dxc5 Nd7 43. Ng2 Qg4 44. Qd1 Qf3 45. c6
Nc5 46. Rd2 Nd3 47. Qxf3 exf3 48. Nf4 Rxf4 49. gxf4 Rg8+ 50. Kh1 f2 0-1

[Event "8th ch-Euro"]
[Site "Dresden GER"]
[Date "2007.04.07"]
[Round "5"]
[White "Karpatchev,A"]
[Black "Asauskas,H"]
[Result "1-0"]
[WhiteElo "2478"]
[BlackElo "2264"]
[EventDate "2007.04.03"]

1. e4 c5 2. c3 d6 3. d4 Nf6 4. Bd3 Nc6 5. Nf3 Bg4 6. d5 Bxf3 7. Qxf3 Ne5 8.
Bb5+ Ned7 9. O-O a6 10. Ba4 g6 11. c4 Bg7 12. Nc3 O-O 13. Qe2 Ne8 14. f4
Nc7 15. e5 b5 16. Bc2 dxe5 17. f5 Nb6 18. b3 e6 19. dxe6 Qd4+ 20. Be3 Qxc3
21. Bxc5 gxf5 22. e7 Rfb8 23. Bxf5 Ne8 24. Rac1 Qa5 25. Bxh7+ Kxh7 26. Qh5+
1-0

[Event "8th ch-Euro"]
[Site "Dresden GER"]
[Date "2007.04.07"]
[Round "5"]
[White "Grant,J"]
[Black "Jakubowski,K"]
[Result "0-1"]
[WhiteElo "2283"]
[BlackElo "2483"]
[EventDate "2007.04.03"]

1. c4 e6 2. Nc3 Bb4 3. e4 c5 4. Nb5 d6 5. a3 Ba5 6. b4 a6 7. Bb2 e5 8. bxa5
axb5 9. cxb5 Be6 10. Bc3 Nf6 11. Qc2 d5 12. exd5 Nxd5 13. Nf3 Nxc3 14. Qxc3
Nd7 15. Bc4 Bxc4 16. Qxc4 Rxa5 17. O-O O-O 18. Rfe1 Re8 19. a4 b6 20. Qd5
h6 21. h3 Qc7 22. d4 Nf6 23. Qc4 exd4 24. Nxd4 Qf4 25. Rxe8+ Nxe8 26. Qe2
Nf6 27. Nc6 Rxa4 28. Rxa4 Qxa4 29. Qd3 Qe4 30. Qd8+ Kh7 31. Qxb6 Qe1+ 32.
Kh2 Qxf2 33. Qc7 c4 34. Qe5 h5 35. Ne7 g6 36. Nc8 Qh4 37. Kg1 Ne4 38. Nd6
Qf2+ 39. Kh2 Nd2 40. Kh1 Qf1+ 41. Kh2 Qf2 42. Kh1 c3 43. Ne8 Kh6 44. Qg7+
Kg5 45. Qe5+ Kh6 46. Qg7+ Kg5 47. Qe5+ Kh4 48. Qe7+ g5 49. Qb4+ g4 50. Qe7+
f6 51. hxg4 Qf1+ 52. Kh2 Nf3+ 53. gxf3 Qf2+ 54. Kh1 Kh3 0-1

[Event "8th ch-Euro"]
[Site "Dresden GER"]
[Date "2007.04.07"]
[Round "5"]
[White "Urban,K"]
[Black "Bente,B"]
[Result "1-0"]
[WhiteElo "2452"]
[BlackElo "2228"]
[EventDate "2007.04.03"]

1. Nf3 g6 2. d4 Bg7 3. c4 d6 4. Nc3 e5 5. g3 Nd7 6. Bg2 Ne7 7. dxe5 dxe5 8.
O-O O-O 9. e4 Nc5 10. b3 Ne6 11. Ba3 Qxd1 12. Rfxd1 c5 13. b4 b6 14. Nd2
Nc6 15. bxc5 Nxc5 16. Nb3 Ba6 17. Nxc5 bxc5 18. Bxc5 Rfc8 19. Bh3 Rd8 20.
Nb5 Bxb5 21. Rxd8+ Rxd8 22. cxb5 Nd4 23. Rb1 Rb8 24. a4 Rb7 25. Bd6 Rb6 26.
Bc5 Rb7 27. Kg2 Bf8 28. Bxf8 Kxf8 29. Rc1 Ke7 30. Rc5 f6 31. f4 exf4 32.
gxf4 Nb3 33. Rc2 Kd6 34. Rc6+ Ke7 35. Kf2 g5 36. fxg5 fxg5 37. Ke3 h5 38.
Bf5 Na5 39. Rg6 Rc7 40. Rg7+ Kd8 41. Rg8+ Ke7 42. Rxg5 Rc4 43. Rg7+ Kf6 44.
Rxa7 Rxa4 45. Kf4 1-0

[Event "8th ch-Euro"]
[Site "Dresden GER"]
[Date "2007.04.07"]
[Round "5"]
[White "Smirnov,P"]
[Black "Grooten,H"]
[Result "1-0"]
[WhiteElo "2621"]
[BlackElo "2387"]
[EventDate "2007.04.03"]

1. e4 c6 2. d4 d5 3. e5 Bf5 4. Nf3 e6 5. Be2 Nd7 6. O-O Bg6 7. Nbd2 Nh6 8.
Nb3 Nf5 9. Bd2 h5 10. Rc1 b5 11. a4 a6 12. Bd3 Be7 13. Ra1 h4 14. Qe2 O-O
15. g4 hxg3 16. hxg3 Bh5 17. Kg2 Re8 18. Rh1 Bg4 19. Rh2 Nf8 20. Rah1 Ng6
21. Bxf5 exf5 22. Qd3 bxa4 23. Na5 c5 24. Nc6 Qb6 25. Nxe7+ Rxe7 26. Nh4 c4
27. Qc3 Qb7 28. f3 Rxe5 29. dxe5 d4 30. Nxg6 dxc3 31. Rh8+ 1-0

[Event "8th ch-Euro"]
[Site "Dresden GER"]
[Date "2007.04.07"]
[Round "5"]
[White "Yakovich,Yur"]
[Black "Bakalarz,M"]
[Result "1-0"]
[WhiteElo "2577"]
[BlackElo "2378"]
[EventDate "2007.04.03"]

1. c4 Nf6 2. Nc3 d5 3. cxd5 Nxd5 4. g3 g6 5. Bg2 Nb6 6. d3 Bg7 7. Be3 N8d7
8. Qc1 h6 9. Nf3 a5 10. O-O c6 11. Ne4 Qc7 12. a3 a4 13. Rb1 Nd5 14. Bd2 e5
15. b4 axb3 16. Rxb3 f5 17. Nc5 Nxc5 18. Qxc5 Qe7 19. Qxe7+ Kxe7 20. e4
fxe4 21. dxe4 Nc7 22. Bc3 Nb5 23. Bxe5 Bxe5 24. Nxe5 Kf6 25. Nxc6 bxc6 26.
e5+ Kg7 27. Rxb5 Ba6 28. Rb6 Bxf1 29. Rb7+ Kg8 30. Kxf1 Rh7 31. Rb6 Rc7 32.
Bxc6 Rxa3 33. Be4 g5 34. Rxh6 Ra5 35. Rg6+ Rg7 36. Re6 g4 37. Bg6 Rc7 38.
Bf5 Rg7 39. Bg6 Rc7 40. Kg2 Rcc5 41. Bd3 Ra4 42. Bf5 Kf7 43. h3 gxh3+ 44.
Kxh3 Rc3 45. Rf6+ Ke7 46. Bg4 Re4 47. Rf5 Rc5 48. f4 Rc3 49. Bh5 Ree3 50.
Rf7+ Ke6 51. Rg7 Kd5 52. Kh4 Ke4 53. e6 Rc1 54. e7 Rh1+ 55. Kg4 1-0

[Event "8th ch-Euro"]
[Site "Dresden GER"]
[Date "2007.04.07"]
[Round "5"]
[White "Anastasian,A"]
[Black "Jirka,J"]
[Result "0-1"]
[WhiteElo "2587"]
[BlackElo "2360"]
[EventDate "2007.04.03"]

1. c4 e5 2. Nc3 Nc6 3. g3 d6 4. Bg2 Be6 5. d3 Qd7 6. e4 Nd4 7. Be3 c5 8. f4
g6 9. Nf3 Bg7 10. O-O Ne7 11. Bxd4 cxd4 12. Nd5 f6 13. f5 Bf7 14. h4 Nxd5
15. cxd5 Bh6 16. Bh3 Be3+ 17. Kg2 g5 18. hxg5 fxg5 19. Nh2 h5 20. f6 g4 21.
Nxg4 hxg4 22. Bxg4 Qb5 23. Qe2 Kd8 24. Rh1 Kc7 25. Be6 Bg6 26. Qc2+ Qc5 27.
Qa4 Rad8 28. f7 Kb8 29. Rxh8 Rxh8 30. Rf1 Rf8 31. Rf6 Qc1 32. Rxg6 Qg1+ 33.
Kh3 Qf1+ 0-1

[Event "8th ch-Euro"]
[Site "Dresden GER"]
[Date "2007.04.07"]
[Round "5"]
[White "Smeets,J"]
[Black "Roos,M GER"]
[Result "1/2-1/2"]
[WhiteElo "2538"]
[BlackElo "2349"]
[EventDate "2007.04.03"]

1. e4 c6 2. d4 d5 3. Nc3 dxe4 4. Nxe4 Bf5 5. Ng3 Bg6 6. h4 h6 7. Nf3 Nd7 8.
h5 Bh7 9. Bd3 Bxd3 10. Qxd3 e6 11. Bf4 Qa5+ 12. Bd2 Bb4 13. c3 Be7 14. c4
Qc7 15. O-O-O Ngf6 16. Kb1 O-O 17. Rhe1 Rad8 18. Nf5 exf5 19. Rxe7 Ne4 20.
Nh4 Nxf2 21. Qf3 Nxd1 22. Nxf5 Qb6 23. b3 Nf6 24. Bxh6 Qa5 25. Re5 Qc3 26.
Qxd1 gxh6 27. Re3 Qa5 28. Qf3 Kh8 29. Qf4 Nh7 30. Re5 Qc3 31. Re7 Ng5 32.
Re3 Qa5 33. Ne7 f6 34. c5 Qd2 35. Ng6+ Kg8 36. Ne7+ Kh8 37. Ng6+ Kg8 38.
Ne7+ Kh8 1/2-1/2

[Event "8th ch-Euro"]
[Site "Dresden GER"]
[Date "2007.04.07"]
[Round "5"]
[White "Pajeken,W"]
[Black "Sulskis,S"]
[Result "1/2-1/2"]
[WhiteElo "2346"]
[BlackElo "2525"]
[EventDate "2007.04.03"]

1. d4 Nf6 2. c4 e6 3. Nc3 Bb4 4. Qc2 c5 5. dxc5 O-O 6. a3 Bxc5 7. Nf3 b6 8.
Bf4 Bb7 9. Rd1 d5 10. cxd5 Nxd5 11. Nxd5 Bxd5 12. e4 Qc8 13. Rc1 Bb7 14. b4
Be7 15. Qd3 Nc6 16. b5 Rd8 17. bxc6 Rxd3 18. cxb7 Re3+ 19. Bxe3 Qxb7 20.
Bb5 Bxa3 21. Rc4 Bc5 22. O-O a6 23. Ba4 Bxe3 24. Bc6 Qc7 25. fxe3 b5 26.
Bxb5 Qb6 27. Rfc1 g5 28. Bc6 Qxe3+ 29. Kh1 Rd8 30. h3 Qe2 31. Ba4 h6 32. e5
Kg7 33. Kh2 Rd3 34. Bc6 a5 35. h4 Rxf3 36. Bxf3 Qxe5+ 37. Kh1 f5 38. hxg5
hxg5 39. g4 Qg3 40. R1c3 Qh3+ 41. Kg1 Qg3+ 42. Kh1 Qe1+ 43. Kg2 Qd2+ 44.
Kf1 Kf6 45. Ra3 Qb2 46. Rca4 Qc1+ 47. Ke2 Qc2+ 48. Kf1 Qc1+ 49. Ke2 Qc2+
50. Kf1 Qc1+ 1/2-1/2

[Event "8th ch-Euro"]
[Site "Dresden GER"]
[Date "2007.04.07"]
[Round "5"]
[White "Potapov,Alexa1"]
[Black "Beck,F"]
[Result "1/2-1/2"]
[WhiteElo "2510"]
[BlackElo "2346"]
[EventDate "2007.04.03"]

1. d4 Nf6 2. c4 c5 3. d5 b5 4. Nf3 e6 5. Qc2 bxc4 6. e4 exd5 7. exd5 Nxd5
8. Bxc4 Nb6 9. O-O Be7 10. Bd3 Nc6 11. a3 d5 12. Re1 c4 13. Bxh7 Bg4 14.
Ng5 Qd6 15. Nc3 Nd4 16. Qd2 Ne6 17. h3 Kf8 18. Nxe6+ Bxe6 19. Bc2 Qd7 20.
Ne2 Bxh3 21. gxh3 Qxh3 22. Ng3 Bd6 23. Qe3 d4 1/2-1/2

[Event "8th ch-Euro"]
[Site "Dresden GER"]
[Date "2007.04.07"]
[Round "5"]
[White "Guliev,L"]
[Black "Sowray,P"]
[Result "1/2-1/2"]
[WhiteElo "2450"]
[BlackElo "2325"]
[EventDate "2007.04.03"]

1. e4 c5 2. Nf3 a6 3. c4 Nc6 4. d4 cxd4 5. Nxd4 e5 6. Nc2 d6 7. Be2 g6 8.
O-O Bg7 9. Nc3 Nge7 10. b3 O-O 11. Bg5 h6 12. Be3 f5 13. f3 Rb8 14. Qd2 Qa5
15. b4 Qc7 16. Bxh6 f4 17. Bg5 Bf6 18. Bxf6 Rxf6 19. b5 Nd8 20. Rab1 a5 21.
b6 Qc5+ 22. Kh1 Bd7 23. Rfd1 Nf7 24. Nd5 Nxd5 25. Qxd5 Qf2 26. Qd2 g5 27.
Qe1 Qxe1+ 28. Nxe1 Bc6 29. Rd3 Kg7 30. h3 Rh6 31. Kg1 Kf6 32. Ra3 Ra8 33.
Nd3 Rhh8 34. Kf2 Rhc8 35. Nb2 Nd8 36. Rd1 Ke7 37. c5 dxc5 38. Nc4 Nf7 39.
Rxa5 Ke6 40. Ra7 Rxa7 41. bxa7 Ra8 42. Nb6 Rxa7 43. Bc4+ Kf6 44. Nd7+ Ke7
45. Nxc5 Ra5 46. Nd3 Nd6 47. Bg8 Rb5 48. Bb3 Bd7 49. Rc1 Bc6 50. Ba4 Ra5
51. Bxc6 bxc6 52. Rc2 Ke6 53. Kg1 Ra3 54. Nb4 Ra4 55. Nd3 Ra3 56. Nc5+ Ke7
57. Nb3 Ra4 58. Nc5 Ra3 59. Kf1 Nb5 60. Nb3 Kd6 61. Rd2+ Kc7 62. Ke1 Nc3
63. Nc1 c5 64. Nd3 Nb1 65. Rd1 Nc3 66. Rc1 Nxe4 67. fxe4 Rxd3 68. Rxc5+ Kd6
69. Rc2 f3 70. g3 Re3+ 71. Kf2 Rxe4 72. Kxf3 Ra4 73. Rb2 Kd5 74. Rb8 g4+
75. hxg4 Ra3+ 76. Rb3 Rxa2 77. g5 Ke6 78. Kg4 Kf7 79. Rb7+ Kg6 80. Rb6+ Kg7
81. Re6 e4 82. Rxe4 Kg6 83. Rb4 Rc2 84. Rb6+ Kg7 85. Kh3 Ra2 86. g4 Ra3+
87. Kh4 Ra1 88. g6 Kh6 89. g7+ Kxg7 90. Kh5 Ra5+ 91. g5 Ra7 1/2-1/2

[Event "8th ch-Euro"]
[Site "Dresden GER"]
[Date "2007.04.07"]
[Round "5"]
[White "Saric,Iv"]
[Black "Lorscheid,G"]
[Result "1-0"]
[WhiteElo "2469"]
[BlackElo "2285"]
[EventDate "2007.04.03"]

1. e4 e5 2. Nf3 d6 3. d4 exd4 4. Nxd4 Nf6 5. Nc3 Be7 6. Bc4 O-O 7. O-O Nxe4
8. Nxe4 d5 9. Bd3 dxe4 10. Bxe4 Re8 11. Bf3 Bc5 12. Nb5 Nd7 13. Bf4 Bb6 14.
a4 a6 15. Nc3 c6 16. Ne4 Ne5 17. Nd6 Nxf3+ 18. Qxf3 Rf8 19. Rad1 Qf6 20.
Qg3 Bc7 21. Be5 Qg6 22. Nxc8 1-0

[Event "8th ch-Euro"]
[Site "Dresden GER"]
[Date "2007.04.07"]
[Round "5"]
[White "Marzolo,C"]
[Black "Kersten,U"]
[Result "1/2-1/2"]
[WhiteElo "2472"]
[BlackElo "2311"]
[EventDate "2007.04.03"]

1. d4 Nf6 2. Nf3 e6 3. c4 c5 4. d5 d6 5. Nc3 exd5 6. cxd5 g6 7. e4 a6 8.
Qe2 Bg7 9. e5 dxe5 10. Qxe5+ Qe7 11. Qxe7+ Kxe7 12. Bf4 Re8 13. O-O-O Nbd7
14. a4 b6 15. Bc4 Kf8 16. Rhe1 Bb7 17. Ne5 Nxe5 18. Bxe5 Rac8 19. f3 Red8
20. d6 Rd7 21. Ne4 Ne8 22. Bxg7+ Kxg7 23. Ng5 Rxd6 24. Nxf7 Rxd1+ 25. Rxd1
Rc7 26. Nd8 Bc8 27. Bxa6 Kf6 28. Bb5 Ng7 29. g4 g5 30. Rd5 h6 31. Kd2 Be6
32. Rd6 Ke7 33. Rd3 Bd7 34. Ke3 Ne6 35. Nxe6 Bxe6 36. Ke4 Bf7 37. Ke5 c4
38. Rc3 Rc5+ 39. Kd4 Rd5+ 40. Ke3 Re5+ 41. Kd2 Rd5+ 42. Kc2 Rd4 43. Bc6
Bg6+ 44. Be4 Bxe4+ 45. fxe4 Rxe4 46. Rh3 Kd6 47. b3 1/2-1/2

[Event "8th ch-Euro"]
[Site "Dresden GER"]
[Date "2007.04.07"]
[Round "5"]
[White "Peterson,Er"]
[Black "Loeffler,S"]
[Result "1-0"]
[WhiteElo "2302"]
[BlackElo "2448"]
[EventDate "2007.04.03"]

1. e4 Nf6 2. e5 Nd5 3. c4 Nb6 4. c5 Nd5 5. Bc4 e6 6. Nc3 Nxc3 7. dxc3 Nc6
8. Bf4 Qh4 9. g3 Qe7 10. Nf3 Qxc5 11. Qe2 d5 12. Bd3 h6 13. h4 a5 14. a4 b6
15. O-O Bb7 16. Rfc1 O-O-O 17. b4 axb4 18. cxb4 Qxb4 19. Ba6 Bc5 20. Rab1
Qe4 21. Bxb7+ Kxb7 22. Qb5 Bxf2+ 23. Kxf2 Qxf3+ 24. Kxf3 Nd4+ 25. Kf2 Nxb5
26. axb5 Ra8 27. Ra1 Rxa1 28. Rxa1 f6 29. Kf3 g5 30. hxg5 fxg5 31. Be3 Rd8
32. Bd4 h5 33. Rh1 Rf8+ 34. Ke2 h4 35. gxh4 Rf4 36. h5 Rxd4 37. h6 Re4+ 38.
Kd3 Ra4 39. h7 Ra3+ 40. Kc2 1-0

[Event "8th ch-Euro"]
[Site "Dresden GER"]
[Date "2007.04.07"]
[Round "5"]
[White "Orlov,And"]
[Black "Eichner,S"]
[Result "1-0"]
[WhiteElo "2447"]
[BlackElo "2276"]
[EventDate "2007.04.03"]

1. e4 e6 2. d4 d5 3. Nd2 dxe4 4. Nxe4 Nd7 5. Nf3 Ngf6 6. Nxf6+ Nxf6 7. Bd3
c5 8. O-O cxd4 9. Nxd4 Bc5 10. Be3 Qb6 11. b4 Bxd4 12. Bxd4 Qxb4 13. Rb1
Qe7 14. Bb5+ Nd7 15. Bxg7 Rg8 16. Qd4 Qg5 17. Rfd1 Rxg7 18. Bxd7+ Kf8 19.
g3 f5 20. Ba4 Qe7 21. Qe5 Kf7 22. Rd6 Qf6 23. Qc5 Kg6 24. Be8+ Kh6 25. Qe3+
Qg5 26. Rxe6+ Bxe6 27. Qxe6+ Rg6 28. Bxg6 hxg6 29. h4 Qd2 30. h5 Qg5 31.
Kg2 f4 32. Rb5 f3+ 33. Kh2 Re8 34. Qxe8 Qxh5+ 35. Rxh5+ 1-0

[Event "8th ch-Euro"]
[Site "Dresden GER"]
[Date "2007.04.07"]
[Round "5"]
[White "Giemsa,S"]
[Black "Skoberne,J"]
[Result "0-1"]
[WhiteElo "2286"]
[BlackElo "2436"]
[EventDate "2007.04.03"]

1. d4 d6 2. c4 Nf6 3. Nc3 g6 4. e4 Bg7 5. Bd3 O-O 6. Nge2 a6 7. O-O c6 8.
a3 b5 9. cxb5 axb5 10. b4 Nbd7 11. Bb2 Bb7 12. a4 bxa4 13. Rxa4 Qb6 14. b5
c5 15. d5 Ne5 16. Bc2 Rxa4 17. Bxa4 Ra8 18. h3 Nfd7 19. Kh1 c4 20. Bc2 Nc5
21. Bc1 Ra1 22. Bb1 Ned3 23. Be3 Qa5 24. Qc2 Ra3 25. Bd2 Nb3 26. Be3 Na1
27. Qd2 Rxc3 28. Nxc3 Bxc3 29. Qd1 Qxb5 30. Bxd3 cxd3 31. Qb1 Ba6 32. Bh6
Nc2 33. Qa2 Be1 34. Rxe1 Nxe1 35. Qa1 f6 36. Qxe1 g5 37. h4 Qb2 38. Qa5 Kf7
39. hxg5 Qc1+ 40. Kh2 Kg6 41. Qxa6 Qf4+ 42. Kg1 Qxe4 43. gxf6 Kxh6 44. fxe7
d2 45. Qxd6+ Kg7 46. e8=N+ Kf7 47. Qf6+ Kxe8 48. Qh8+ Kf7 0-1

[Event "8th ch-Euro"]
[Site "Dresden GER"]
[Date "2007.04.07"]
[Round "5"]
[White "Szabo,Kr1"]
[Black "Lubbe,N"]
[Result "1/2-1/2"]
[WhiteElo "2465"]
[BlackElo "2243"]
[EventDate "2007.04.03"]

1. e4 d5 2. exd5 Qxd5 3. Nf3 Nf6 4. d4 Bg4 5. Be2 Nc6 6. O-O O-O-O 7. Be3
Qf5 8. c4 e6 9. Nbd2 Bb4 10. a3 Bxd2 11. Qxd2 Ne4 12. Qd1 Bxf3 13. Bxf3
Nxd4 14. Bxd4 c5 15. Qa4 Rxd4 16. Qxa7 Rhd8 17. b4 Qe5 18. Bxe4 Rxe4 19.
bxc5 Rxc4 20. Rfb1 Qb8 21. Qb6 Qc7 22. Qb2 e5 23. Rc1 Rxc1+ 24. Rxc1 Rd5
25. Qc2 g6 26. h3 Qc6 27. Qc3 Qb5 28. Qe3 Qd3 29. Qh6 Qd2 30. Qxd2 Rxd2 31.
c6 b6 32. c7 1/2-1/2

[Event "8th ch-Euro"]
[Site "Dresden GER"]
[Date "2007.04.07"]
[Round "5"]
[White "Landenbergue,C"]
[Black "Wilke,W"]
[Result "1-0"]
[WhiteElo "2450"]
[BlackElo "2245"]
[EventDate "2007.04.03"]

1. c4 Nf6 2. Nc3 c6 3. e4 e5 4. Nf3 Qa5 5. Be2 Bb4 6. O-O O-O 7. Qc2 Re8 8.
a3 Bxc3 9. dxc3 d5 10. cxd5 cxd5 11. exd5 Qxd5 12. Bg5 Nbd7 13. Rad1 Qc6
14. Nd2 h6 15. Bh4 b6 16. Rfe1 e4 17. Nc4 Ba6 18. Rd4 Bxc4 19. Bxc4 Ne5 20.
Bf1 g5 21. Bg3 Re6 22. Qd2 Rae8 23. Bxe5 Rxe5 24. Rd6 Rd5 25. Rxc6 Rxd2 26.
Rxf6 Rxb2 27. Bc4 Re7 28. Rxh6 Kg7 29. Rh3 Rd7 30. Rhe3 Rdd2 31. Rxe4 Rxf2
32. R4e2 Rfxe2 33. Rxe2 Rb1+ 34. Kf2 Ra1 35. Re7 Rxa3 36. Rxf7+ Kg6 37. Rc7
Kf5 38. Ke3 Ke5 39. Bd3 a5 40. Rg7 Rxc3 41. Rxg5+ Kd6 42. Kd4 Rb3 43. Rb5
1-0

[Event "8th ch-Euro"]
[Site "Dresden GER"]
[Date "2007.04.07"]
[Round "5"]
[White "Alsina Leal,D"]
[Black "Kues,H"]
[Result "1-0"]
[WhiteElo "2430"]
[BlackElo "2243"]
[EventDate "2007.04.03"]

1. e4 e6 2. d4 d5 3. Nc3 Bb4 4. e5 c5 5. a3 Bxc3+ 6. bxc3 Ne7 7. Qg4 O-O 8.
Bd3 f5 9. exf6 Rxf6 10. Bg5 Rf7 11. Qh5 g6 12. Qd1 Nbc6 13. Nf3 Qf8 14. O-O
c4 15. Be2 h6 16. Bc1 Qg7 17. a4 Bd7 18. Ba3 Kh7 19. Bd6 Nf5 20. Be5 Qf8
21. Qc1 Qe7 22. h3 Nh4 23. Nxh4 Nxe5 24. g3 Nc6 25. f4 e5 26. fxe5 Bxh3 27.
Rxf7+ Qxf7 28. Kh2 Bd7 29. Qe3 Qe6 30. Rf1 Ne7 31. Rf6 Qh3+ 32. Kg1 Nf5 33.
Nxf5 Bxf5 34. Qf4 Rg8 35. Kf2 Qh2+ 36. Ke3 Rg7 37. e6 Bxc2 38. Rf7 Be4 39.
Qe5 Qg1+ 40. Kd2 Rxf7 41. exf7 Qf2 42. Qe7 1-0

[Event "8th ch-Euro"]
[Site "Dresden GER"]
[Date "2007.04.07"]
[Round "5"]
[White "Paehtz,T sr"]
[Black "Hartoch,R"]
[Result "1-0"]
[WhiteElo "2427"]
[BlackElo "2242"]
[EventDate "2007.04.03"]

1. e4 d6 2. d4 Nf6 3. Nc3 g6 4. f4 Bg7 5. Nf3 O-O 6. Be3 Nbd7 7. Qd2 c6 8.
e5 Nd5 9. Nxd5 cxd5 10. h4 Nb6 11. b3 Bf5 12. Bd3 Qd7 13. h5 Bxd3 14. Qxd3
Rac8 15. c3 Rc7 16. Bd2 Qg4 17. O-O-O h6 18. Rh4 Qf5 19. Qxf5 gxf5 20. g4
e6 21. gxf5 exf5 22. Rh2 dxe5 23. fxe5 f6 24. e6 Re8 25. Nh4 Rxe6 26. Nxf5
Nc8 27. Rg2 Nd6 28. Nxd6 Rxd6 29. Bf4 Rxc3+ 30. Kb2 Rcc6 31. Rdg1 Rd7 32.
Bxh6 Rcc7 33. Bf4 Kh7 34. h6 Bh8 35. Bxc7 Rxc7 36. Rc2 Rd7 37. Kc3 f5 38.
Kd3 Re7 39. Rc5 Rd7 40. Rc8 1-0

[Event "8th ch-Euro"]
[Site "Dresden GER"]
[Date "2007.04.07"]
[Round "5"]
[White "Vaznonis,V"]
[Black "Pirrot,D"]
[Result "0-1"]
[WhiteElo "2279"]
[BlackElo "2420"]
[EventDate "2007.04.03"]

1. d4 f5 2. Nf3 Nf6 3. c4 e6 4. g3 Be7 5. Bg2 d6 6. O-O O-O 7. b4 Ne4 8.
Bb2 a5 9. bxa5 Nc6 10. Nbd2 Nxa5 11. Qc2 Bd7 12. Rfc1 c6 13. Nb3 b6 14.
Nfd2 d5 15. f3 Nxd2 16. Nxd2 f4 17. cxd5 exd5 18. gxf4 Rxf4 19. Bc3 Ba3 20.
Re1 Qh4 21. e4 Raf8 22. Re2 Bd6 23. e5 Bc7 24. Rae1 Bf5 25. Qb2 Nb7 26. Qb3
Bd3 27. Rf2 Bf5 28. Nf1 Nd8 29. Ng3 Bd3 30. Bb4 Bc4 31. Qa3 Re8 32. Bd2 Rf7
33. f4 Ne6 34. f5 Nxd4 35. Rf4 Nb5 36. Qb2 Qe7 37. Rxc4 dxc4 38. Bxc6 Qc5+
39. Be3 Qxc6 40. e6 Rfe7 0-1

[Event "8th ch-Euro"]
[Site "Dresden GER"]
[Date "2007.04.07"]
[Round "5"]
[White "Makoli,P"]
[Black "Khmelniker,I"]
[Result "0-1"]
[WhiteElo "2245"]
[BlackElo "2411"]
[EventDate "2007.04.03"]

1. e4 e5 2. Nf3 Nc6 3. Bb5 a6 4. Ba4 Nf6 5. d3 d6 6. c3 g6 7. O-O Bg7 8.
Re1 O-O 9. h3 b5 10. Bb3 Na5 11. Bc2 c5 12. Nbd2 Qc7 13. d4 cxd4 14. cxd4
exd4 15. Nxd4 Bb7 16. Nf1 Rfe8 17. Ng3 d5 18. exd5 Rxe1+ 19. Qxe1 Nxd5 20.
Nb3 Nc4 21. Be4 Re8 22. Qd1 Qe7 23. Qf3 Ne5 24. Qd1 Rd8 25. Qe2 f5 26.
Bxd5+ Bxd5 27. Bf4 Re8 28. Qd2 Qb7 29. Re1 Bf7 30. Nc5 Qc6 31. Nd3 Nxd3 32.
Rxe8+ Qxe8 33. Qxd3 Bxb2 34. Qd2 Bf6 35. a3 Qd8 36. Qc1 Bc4 37. Be3 Qd3 38.
Bc5 Qd5 39. Bb4 Qd4 40. Qh6 Bg7 41. Qg5 Qf6 42. Qe3 h5 43. Be7 Qa1+ 44. Kh2
Qe5 45. Qg5 f4 46. Qxe5 Bxe5 47. Ne4 a5 48. Bd6 Bb2 49. Nd2 Bd5 50. Bc7 b4
51. a4 Bc1 52. Nb1 Be4 53. Bxa5 b3 54. Nd2 Bxd2 0-1

[Event "8th ch-Euro"]
[Site "Dresden GER"]
[Date "2007.04.07"]
[Round "5"]
[White "Perlitz,S"]
[Black "Danilov,I"]
[Result "0-1"]
[WhiteElo "2141"]
[BlackElo "2405"]
[EventDate "2007.04.03"]

1. e4 e5 2. Nf3 Nc6 3. c3 Nf6 4. d4 Nxe4 5. d5 Ne7 6. Nxe5 Ng6 7. Qd4 Nxe5
8. Qxe4 Qe7 9. Be2 Ng6 10. Qc4 Qe5 11. O-O Bd6 12. f4 Qe7 13. g3 f5 14. Nd2
b6 15. Nf3 Bb7 16. Qd3 O-O 17. Bd2 c6 18. Nd4 Qf7 19. dxc6 dxc6 20. Bf3 Bc5
21. Be3 Rad8 22. b4 Bxd4 23. Bxd4 Ne7 24. a4 Nd5 25. Qc4 Rd7 26. Rfe1 Nxb4
27. Qxf7+ Kxf7 28. cxb4 Rxd4 29. b5 Rc8 30. Re5 g6 31. Rae1 Rd7 32. Bd1 c5
33. g4 Be4 34. g5 Rcc7 35. a5 bxa5 36. Ba4 Rd4 37. b6 axb6 38. Be8+ Kf8 0-1

[Event "8th ch-Euro"]
[Site "Dresden GER"]
[Date "2007.04.07"]
[Round "5"]
[White "Kaphle,St"]
[Black "Butnorius,A"]
[Result "0-1"]
[WhiteElo "2128"]
[BlackElo "2402"]
[EventDate "2007.04.03"]

1. e4 c5 2. Nf3 e6 3. d4 cxd4 4. Nxd4 Nc6 5. Be3 Nf6 6. Bd3 d5 7. Nxc6 bxc6
8. e5 Nd7 9. f4 Ba6 10. O-O Bxd3 11. Qxd3 Bc5 12. Bxc5 Nxc5 13. Qf3 Qb6 14.
Kh1 Ne4 15. Nc3 Nd2 16. Qg3 O-O 17. Rf2 Qxb2 18. Re1 Nc4 19. h4 Qb4 20.
Ref1 f5 21. exf6 Rxf6 22. f5 e5 23. Qh3 e4 24. Ne2 Nd2 25. Rd1 Qc5 26. Nd4
Qxd4 27. Rfxd2 Qe5 28. Rf1 Raf8 29. g4 h5 30. Rdf2 hxg4 31. Qxg4 e3 32. Rg2
Rxf5 33. Rfg1 R8f7 34. Rh2 Rf1 35. h5 Rxg1+ 36. Kxg1 Qa1+ 0-1

[Event "8th ch-Euro"]
[Site "Dresden GER"]
[Date "2007.04.07"]
[Round "5"]
[White "Zude,E"]
[Black "Srienz,C"]
[Result "1-0"]
[WhiteElo "2411"]
[BlackElo "2208"]
[EventDate "2007.04.03"]

1. e4 c5 2. Nf3 Nc6 3. d4 cxd4 4. Nxd4 Nf6 5. Nc3 e5 6. Ndb5 d6 7. Bg5 a6
8. Na3 b5 9. Bxf6 gxf6 10. Nd5 f5 11. Bd3 Be6 12. O-O Bxd5 13. exd5 Ne7 14.
Re1 Bg7 15. c3 O-O 16. Qh5 e4 17. Bf1 Re8 18. Rad1 Ng6 19. Qxf5 Re5 20. Qg4
f5 21. Qg3 f4 22. Qg4 Qf6 23. Nc2 Rae8 24. Nd4 Rxd5 25. a4 Nh4 26. g3 fxg3
27. hxg3 Rxd4 28. Qxh4 Qxh4 29. gxh4 Rxa4 30. Rxd6 Ra2 31. Rb1 e3 32. fxe3
Rxe3 33. Bg2 Ra4 34. Rd8+ Kf7 35. Rf1+ Ke7 36. Ra8 Rg3 37. Ra7+ Ke6 38.
Re1+ Kd6 39. Rae7 Rg6 40. h5 Rxg2+ 41. Kxg2 Rg4+ 42. Kf3 Rg5 43. R1e6+ Kd5
44. Rxa6 Kc4 45. Kf4 Rg1 46. Re4+ Kc5 47. h6 Bf8 48. b4+ Kd5 49. Rd4+ 1-0